| 000 | 00792cam a2200265 a 4500 | ||
|---|---|---|---|
| 005 | 20260322212041.0 | ||
| 008 | data | ||
| 010 | _a 95035963 | ||
| 020 | _a006092764X (pbk.) | ||
| 020 | _a9780060927646 (pbk.) | ||
| 040 |
_aDLC _cDLC _dDLC |
||
| 043 | _an-us--- | ||
| 050 | 0 | 0 |
_aGT4403 _b.R56 1995 |
| 082 | 0 | 0 |
_a394.2/61 _220 |
| 092 | _a394.2 R56 1995 | ||
| 100 | 1 |
_aRiley, D. Winbush _q(Dorothy Winbush) |
|
| 245 | 1 | 4 |
_aThe complete Kwanzaa : _bcelebrating our cultural harvest / _cD. Winbush Riley. |
| 250 | _a1st ed. | ||
| 260 |
_aNew York ; _bHarperCollins, _cc1995. |
||
| 300 |
_axi, 387 p. : _bill. ; _c25 cm. |
||
| 504 | _aIncludes bibliographical references (p. [371]-374) and index. | ||
| 650 | 0 | _aKwanzaa. | |
| 650 | 0 |
_aAfrican Americans _xSocial life and customs. |
|
| 001 | data | ||
| 999 |
_c961 _d961 |
||